书目信息 |
| 题名: |
上海石库门建筑保护修缮技艺
|
|
| 作者: | 李涧 主编 ;上海静安置业(集团)有限公司 , 上海静安建筑装饰实业股份有限公司 编 | |
| 分册: | ||
| 出版信息: | 上海 同济大学出版社 2022.01 |
|
| 页数: | 255页 | |
| 开本: | 26cm | |
| 丛书名: | 历史环境保护的理论与实践 | |
| 单 册: | ||
| 中图分类: | TU746.3 | |
| 科图分类: | ||
| 主题词: | 民居--min ju--修缮加固--上海 | |
| 电子资源: | ||
| ISBN: | 978-7-5608-9898-8 | |
| 000 | 01302oam2 2200265 450 | |
| 001 | 011025153143 | |
| 005 | 20221025153143.0 | |
| 010 | @a978-7-5608-9898-8@dCNY268.00 | |
| 100 | @a20201004d2022 em y0chiy0120 ea | |
| 101 | 0 | @achi |
| 102 | @aCN@b310000 | |
| 105 | @aak z 000yy | |
| 106 | @ar | |
| 200 | 1 | @a上海石库门建筑保护修缮技艺@Ashang hai shi ku men jian zhu bao hu xiu shan ji yi@f李涧主编@g上海静安置业(集团) 有限公司,上海静安建筑装饰实业股份有限公司编 |
| 210 | @a上海@c同济大学出版社@d2022.01 | |
| 215 | @a255页@c图@d26cm | |
| 225 | 2 | @a历史环境保护的理论与实践@Ali shi huan jing bao hu de li lun yu shi jian |
| 330 | @a上海著名石库门建筑建业里,在启动修缮保护后,大部分被拆除重建,变身为51栋身价半亿的豪宅,引起社会强烈反响。近年来,上海石库门建筑保护过程中的失当情况时有发生,一些保护施工甚至被专家直指为"保护性破坏"。那么,最具上海风情的石库门建筑究竟应该如何保护? | |
| 410 | 0 | @12001 @a历史环境保护的理论与实践 |
| 606 | 0 | @a民居@Amin ju@x修缮加固@y上海 |
| 690 | @aTU746.3@v5 | |
| 701 | 0 | @a李涧@Ali jian@4主编 |
| 712 | 02 | @a上海静安置业(集团)有限公司@Ashang hai jing an zhi ye (ji tuan )you xian gong si@4编 |
| 712 | 02 | @a上海静安建筑装饰实业股份有限公司@Ashang hai jing an jian zhu zhuang shi shi ye gu fen you xian gong si@4编 |
| 905 | @a河南城建学院图书馆@dTU746.3@eL185 | |
| 上海石库门建筑保护修缮技艺/李涧主编/上海静安置业(集团) 有限公司,上海静安建筑装饰实业股份有限公司编.-上海:同济大学出版社,2022.01 |
| 255页:图;26cm.-(历史环境保护的理论与实践) |
| ISBN 978-7-5608-9898-8:CNY268.00 |
| 上海著名石库门建筑建业里,在启动修缮保护后,大部分被拆除重建,变身为51栋身价半亿的豪宅,引起社会强烈反响。近年来,上海石库门建筑保护过程中的失当情况时有发生,一些保护施工甚至被专家直指为"保护性破坏"。那么,最具上海风情的石库门建筑究竟应该如何保护? |
| ● |
| 相关链接 |
|
|
|
正题名:上海石库门建筑保护修缮技艺
索取号:TU746.3/L185
 
预约/预借
| 序号 | 登录号 | 条形码 | 馆藏地/架位号 | 状态 | 备注 |
| 1 | 1587037 | 215870378 | 建筑库201/201建筑库 41排2列3层/ [索取号:TU746.3/L185] | 在馆 |